Duas histórias do Porto (Registo nº 201331)

Detalhes MARC
000 -Etiqueta do registo
Valores 00581nam 22002053 4500
021 ## - Número do Depósito Legal
Código do país Portugal
Número 10 697/85
100 ## - Dados gerais de processamento
Dados gerais 20231025d u||y0pory50 ba
200 ## - Titulo e menção de responsabilidade
Título próprio Duas histórias do Porto
Primeira menção de responsabilidade Mário Cláudio
205 ## - Menção da edição
Edição
210 ## - Publicação
Local de publicação [S.l.]
Nome do editor Labirinto
Data de publicação 1986
215 ## - Descrição física 
Paginação / Volumes 36 p.
Outras indicações físicas brochado
Dimensões 21 cm
300 ## - Notas gerais 
Texto da nota Contém dedicatória na folha de rosto
606 ## - Nome comum usado como assunto
Palavra de ordem Literatura Portuguesa
ID Autoridade 6
675 ## - CDU
Notação 821.134.3-3
Edição PT
Língua por
700 ## - Autor principal (pessoa individual)
ID Autoridade 3761
Apelido Cláudio
Nome Mário
Datas 1941-
801 ## - Fonte de origem
País PT
Agência BMMN
Regras de catalogação RPC
830 ## - Notas gerais do catalogador
Criado por Ana Falardo
Indexado por Ana Falardo
990 ## - Elementos KOHA
Tipo de documento Livro
Exemplares
Situação do levantamento Biblioteca de origem Código de barras Cota Permissão de empréstimo Tipo de documento Nota relativa ao exemplar Forma de aquisição
  Biblioteca Municipal de Montemor-o-Novo 30650 821.134.3-3 CLA|SAF   Livro Acesso condicionado Oferta

Powered by Koha